Statistiken für Katholische Heiligenfeste

Klicken Sie hier um das Quiz zu spielen!

Allgemein

  • Dieses Quiz wurde 45 mal gespielt
  • Das Durchschnittsergebnis liegt bei 6 aus 25

Antwortstatistiken

TagHeilige% Korrekt
6. DezemberNikolaus
87%
31. DezemberSilvester
76%
26. DezemberStefan
45%
4. DezemberBarbara, Johannes von Damaskus, Adolph Kolping
42%
11. NovemberMartin von Tours
37%
24. JuniJohannes der Täufer
34%
1. JanuarMaria
34%
19. MärzJosef
26%
13. MaiServatius (Eisheiliger)
26%
27. DezemberJohannes der Apostel
24%
29. JuniPeter und Paul
24%
15. MaiSophia von Rom (Eisheilige)
21%
12. MaiPankratius (Eisheiliger)
18%
14. MaiBonifatius von Tarsus (Eisheiliger)
16%
17. MärzPatrick von Irland
16%
30. NovemberAndreas
13%
25. AprilMarkus
11%
24. AugustBartholomäus
8%
5. JuniBonifatius
5%
20. JuliElias
5%
29. AprilKatharina von Siena
5%
11. MaiMamertus (Eisheiliger)
5%
21. SeptenberMatthäus
5%
11. JuliBenedikt von Nursia
0%
3. JuliThomas
0%

Verteilung der Resultate

Perzentil nach korrekt beantworteten Fragen

Anzahl Personen mit jedem Resultat

Ihre Resultats-Entwicklung

Sie haben dieses Quiz noch nicht gespielt